Book of changes = I hua jen sheng : (Record no. 33720)
[ view plain ]
| 000 -LEADER | |
|---|---|
| fixed length control field | 00754nam a2200205 4500 |
| 008 - FIXED-LENGTH DATA ELEMENTS--GENERAL INFORMATION | |
| fixed length control field | 091009s1997 ph 000 0 eng |
| 020 ## - INTERNATIONAL STANDARD BOOK NUMBER | |
| International Standard Book Number | 9813068299 :Php350.00/332.50% |
| 090 ## - LOCALLY ASSIGNED LC-TYPE CALL NUMBER (OCLC); LOCAL CALL NUMBER (OCLC) | |
| Classification number (OCLC) (R) ; Classification number, CALL (RLIN) (NR) | PL2464.Z7 |
| Local cutter number (OCLC) ; Book number/undivided call number, CALL (RLIN) | C36b |
| 100 1# - MAIN ENTRY--PERSONAL NAME | |
| Personal name | Chan, Chiu Ming,|d1956- |
| 245 10 - TITLE STATEMENT | |
| Title | Book of changes = I hua jen sheng : |
| Remainder of title | an interpretation for the modern age / |
| Statement of responsibility, etc | text by Chan Chiu Ming ; calligraphy by Xu Qinghua. |
| 246 31 - VARYING FORM OF TITLE | |
| Title proper/short title | I hua jen sheng |
| 260 ## - PUBLICATION, DISTRIBUTION, ETC. (IMPRINT) | |
| Place of publication, distribution, etc | Singapore : |
| Name of publisher, distributor, etc | Asiapac, |
| Date of publication, distribution, etc | 1997. |
| 300 ## - PHYSICAL DESCRIPTION | |
| Extent | 246 p. ; |
| Dimensions | 21 cm. |
| 490 1# - SERIES STATEMENT | |
| Series statement | Asia Pacific heritage series.% |
| 546 ## - LANGUAGE NOTE | |
| Language note | In English and Chinese. |
| 630 04 - SUBJECT ADDED ENTRY--UNIFORM TITLE | |
| Uniform title | Yi jing. |
| 650 #4 - SUBJECT ADDED ENTRY--TOPICAL TERM | |
| Topical term or geographic name as entry element | Divination. |
| 951 ## - EQUIVALENCE OR CROSS-REFERENCE-GEOGRAPHIC NAME/AREA NAME [OBSOLETE] [CAN/MARC only] | |
| General subdivision | 00038461 |
| 700 1# - ADDED ENTRY--PERSONAL NAME | |
| Personal name | Xu, Qinghua. |
| 951 ## - EQUIVALENCE OR CROSS-REFERENCE-GEOGRAPHIC NAME/AREA NAME [OBSOLETE] [CAN/MARC only] | |
| -- | 33343 |
| -- | SP-C GCPL2464.Z7/C36b |
| -- | 091009142057203 |
| -- | 2000-12-21 |
| -- | SP-C GC |
| Withdrawn status | Lost status | Damaged status | Not for loan | Home library | Current library | Shelving location | Date acquired | Accession number | Shelving control number | Total Checkouts | Full call number | Barcode | Date last seen | Price effective from | Koha item type |
|---|---|---|---|---|---|---|---|---|---|---|---|---|---|---|---|
| BSOP Library | BSOP Library | 12/21/2000 | 33343 | 127 | SP-C GCPL2464.Z7/C36b | 00038461 | 02/23/2013 | 02/23/2013 | Books |
